000 00852nam a2200241 i 4500
001 16721
003 ES-MaACL
005 20240305180120.0
007 t|
008 001026s2000 sp |||| | spa d
080 _a37:331.5(460)
080 _a37(460)
245 0 0 _aCapital humano y bienestar económico
_b: la necesaria apuesta de España por la educación de calidad /
_cCarmela Martínez (directora) ; Francisco J. Velázquez ... [et al.].
260 _aMadrid :
_bCírculo de Empresarios,
_c[2000]
300 _a212 p. ;
_c22 cm.
650 1 4 _aEduación y empleo-
_zEspaña.
_912072
650 7 _aEnseñanza-
_zEspaña-
_yS.XX
_2
_9139558
700 1 _aMartín, Carmela.
_977274
700 1 _aVelázquez, Francisco J.
_9113803
710 2 _aCírculo de Empresarios.
_92821
852 _aES-MaACL
_jL-23672
999 _c16721
_d16721